Young the Giant- Cough Syrup Lyrics - Statistics

General Stats
  • This quiz has been taken 18 times
  • The average score is 244 of 273
Answer Stats
Answer % Correct
A
100%
a
100%
all
100%
at
100%
away
100%
care
100%
cough
100%
could
100%
down
100%
even
100%
find
100%
I
100%
If
100%
I'm
100%
life
100%
Life's
100%
my
100%
oh
100%
Oh
100%
run
100%
short
100%
syrup
100%
this
100%
to
100%
To
100%
too
100%
way
100%
whoa
100%
Whoa
100%
come
90%
control
90%
for
90%
I'd
90%
losing
90%
me
90%
mind
90%
now
90%
that
90%
aches
80%
be
80%
By
80%
fortune
80%
have
80%
heart
80%
in
80%
looking
80%
of
80%
park
80%
see
80%
should
80%
so
80%
So
80%
some
80%
the
80%
These
80%
they
80%
they're
80%
up
80%
waiting
80%
world
80%
beat
70%
blue
70%
coming
70%
dark
70%
drum
70%
fishes
70%
found
70%
Out
70%
sea
70%
staring
70%
straight
70%
sun
70%
it
60%
more
60%
One
60%
said
60%
splash
60%
spoon
60%
wet
60%
And
50%
restore
50%
Restore
50%
things
50%
zombies
50%
No matching quizzes found
Score Distribution
Percent of People with Each Score
Percentile by Number Answered
Your Score History
You have not taken this quiz